Central Library OPAC University of Rajshahi

Australian English : (Record no. 7145)

MARC details
000 -LEADER
fixed length control field 00671cam a2200217 a 4500
001 - CONTROL NUMBER
control field 7145
003 - CONTROL NUMBER IDENTIFIER
rucl marc code BD-RjUL
005 - DATE AND TIME OF LATEST TRANSACTION
control field 20211208234354.0
008 - FIXED-LENGTH DATA ELEMENTS--GENERAL INFORMATION
fixed length control field 130114s1966 au 000 0 eng d
035 ## - SYSTEM CONTROL NUMBER
System control number (BD-RjUL)
040 ## - CATALOGING SOURCE
Original cataloging agency VCAV
Language of cataloging eng
Transcribing agency VCAV
Modifying agency NNCU:A
041 ## - LANGUAGE CODE
Language code of text/sound track or separate title eng
082 04 - DEWEY DECIMAL CLASSIFICATION NUMBER
Classification number 427.994
Author mark and year RAA 1966
100 1# - MAIN ENTRY--PERSONAL NAME
Personal name Ramson, W. S.
Fuller form of name (William Stanley),
Dates associated with a name 1933-
9 (RLIN) 22355
245 10 - TITLE STATEMENT
Title Australian English :
Remainder of title an historical study of the vocabulary,1788-1898 /
Statement of responsibility, etc. W. S. Ramson.
260 ## - PUBLICATION, DISTRIBUTION, ETC. (IMPRINT)
Place of publication, distribution, etc. Canberra :
Name of publisher, distributor, etc. Australian National University Press,
Date of publication, distribution, etc. 1966
300 ## - PHYSICAL DESCRIPTION
Pagination viii, 195 p ;
Size 23 cm.
650 #0 - SUBJECT ADDED ENTRY--TOPICAL TERM
Topical term or geographic name as entry element English language
Geographic subdivision Australia.
9 (RLIN) 22356
942 ## - ADDED ENTRY ELEMENTS (KOHA)
Source of classification or shelving scheme Dewey Decimal Classification
Koha item type Books
Holdings
Lost status Source of classification or shelving scheme Damaged status Not for loan Collection code Permanent Location Current Location Shelving location Date acquired Source of acquisition Cost, normal purchase price Total Checkouts Full call number Date last seen Copy number Koha item type
  Dewey Decimal Classification     Non-fiction Central Library, University of Rajshahi Central Library, University of Rajshahi   14/09/1973 Goverment OF Australia 0.00   427.994 RAA 1966 13/01/2014 C-2 Books
  Dewey Decimal Classification     Non-fiction Central Library, University of Rajshahi Central Library, University of Rajshahi   04/05/1974 O.U.P 49.50   427.994 RAA 1966 24/08/2016 C-3 Books